| 000 | 01279cam a2200337 a 4500 | ||
|---|---|---|---|
| 999 |
_c522661 _d522661 |
||
| 001 | 4381017 | ||
| 003 | NUST | ||
| 005 | 20181222065242.0 | ||
| 008 | 910222s1992 nyu b 001 0 eng | ||
| 010 | _a 91050223 | ||
| 020 |
_a0679736158 (pbk.) : _c$12.00 |
||
| 038 | _awaseem | ||
| 040 |
_aDLC _cDLC _dDLC |
||
| 043 | _an-us--- | ||
| 050 | 0 | 0 |
_aHC106.8 _b.R456 1992 |
| 082 | 0 | 0 |
_a330.905 _bREI |
| 100 | 1 |
_aReich, Robert B. _912766 |
|
| 245 | 1 | 4 |
_aThe work of nations : _bpreparing ourselves for 21st century capitalism / _cRobert B. Reich. |
| 250 | _a1st Vintage Books ed. | ||
| 260 |
_aNew York : _bVintage Books, _c1992. |
||
| 300 |
_axii, 339 p. ; _c20 cm. |
||
| 504 | _aIncludes bibliographical references and index. | ||
| 650 | 0 |
_aEconomic forecasting _zUnited States. _911450 |
|
| 650 | 0 |
_aCapitalism _zUnited States. _912767 |
|
| 650 | 0 |
_aInternational economic relations. _9539 |
|
| 651 | 0 |
_aUnited States _xEconomic conditions _y1981-2001. _912768 |
|
| 856 | 4 | 2 |
_3Publisher description _uhttp://www.loc.gov/catdir/description/random048/91050223.html |
| 906 |
_a7 _bcbc _corignew _d1 _eocip _f19 _gy-gencatlg |
||
| 942 |
_2ddc _cBK |
||